Artificial Intelligence in Engineering Diagnosis and Learning

Salvato in:
Dettagli Bibliografici
Altri autori: Gero, J.S
Natura: Libro
Lingua:inglese
Pubblicazione: Amsterdam Elsevier 1988
Edizione:1. ed.
Tags: Aggiungi Tag
Nessun Tag, puoi essere il primo ad aggiungerne!!

MARC

LEADER 00000nam a2200000 4500
001 c033674
005 20221206134053.1
041 0 |a eng 
044 |a NL 
245 1 0 |a Artificial Intelligence in Engineering  |b Diagnosis and Learning  |c Edit. J.S. Gero 
250 |a 1. ed. 
264 1 |a Amsterdam  |b Elsevier  |c 1988 
300 |a 421 s. 
700 1 |a Gero, J.S.